书目信息 |
| 题名: |
中国文学理论批评发展史
|
|
| 作者: | 张少康 , 刘三富 著 | |
| 分册: | 上卷 | |
| 出版信息: | 北京 北京大学出版社 1995.06 |
|
| 页数: | 468页 | |
| 开本: | 20cm | |
| 丛书名: | ||
| 单 册: | ||
| 中图分类: | I206.09 | |
| 科图分类: | ||
| 主题词: | 中国批评史--中国 | |
| 电子资源: | ||
| ISBN: | 7-301-02683-8 | |
| 000 | 00625nam0 2200205 45 | |
| 001 | 0311121177 | |
| 005 | 20041115163938.6 | |
| 010 | @a7-301-02683-8@dCNY16.50 | |
| 100 | @a20031112d1995 km y0chiy0120 ea | |
| 101 | 0 | @achi |
| 105 | @a z 000yy | |
| 200 | 1 | @a中国文学理论批评发展史@AZhong Guo Wen Xue Li Lun Pi Ping Fa Zhan Shi@h上卷@f张少康,刘三富著@FZhang Shao Kang,Liu San Fu Zhu |
| 210 | @a北京@c北京大学出版社@d1995.06 | |
| 215 | @a468页@d20cm | |
| 606 | 0 | @a中国批评史@y中国 |
| 690 | @aI206.09@v3 | |
| 701 | 0 | @a张少康@4著 |
| 701 | 0 | @a刘三富@4著 |
| 801 | @aCN@bTSTC@c20031112 | |
| 905 | @dI206.09@e82:1@f1@b274251 | |
| 中国文学理论批评发展史.上卷/张少康,刘三富著.-北京:北京大学出版社,1995.06 |
| 468页;20cm |
| ISBN 7-301-02683-8:CNY16.50 |
| ● |
| 相关链接 |
|
|
|
|
正题名:中国文学理论批评发展史
索取号:I206.09/17:1
 
预约/预借
| 序号 | 登录号 | 条形码 | 馆藏地/架位号 | 状态 | 备注 |
| 1 | 0274251 | 000667317 | 第二借阅区/ [索取号:I206.09/17:1] | 在馆 | |
| 2 | 0274252 | 202072951 | 第一样本阅览室/ [索取号:I206.09/17:1] | 在馆 |